000 00570nam a2200229 a 4500
999 _c6058
_d6058
001 6058
003 BD-JhCC
005 20180101162636.0
008 180101s19641969n |||| || | 000 0 eng d
035 _a(BD-JhCC)6058
040 _aBD-JhCC
_dBD-JhCC
041 _aeng
082 _a512
_bDIE 1969
100 _aDieudonne, Jean
245 _aLinear Algebra and Geometry /
_cJean Dieudonne,
260 _aNew York :
_bHougton Mifflin Company,
_c1969.
300 _a207 p. :
_c24 cm.
650 _aAlgebra
650 _aGeometry
942 _2ddc
_cBK